| 000 | 00987cam a2200337 a 4500 | ||
|---|---|---|---|
| 999 |
_c1261 _d1261 |
||
| 001 | ocm50756099 | ||
| 003 | OCoLC | ||
| 005 | 20210624124546.0 | ||
| 008 | 020918s2003 onca b 001 0 eng | ||
| 016 | _a20029048478 | ||
| 020 | _a0470832274 | ||
| 020 | _a9780470832271 | ||
| 035 | _a(OCoLC)50756099 | ||
| 040 |
_aNLC _beng _cNLC _dOCLCG |
||
| 049 | _aJF0A | ||
| 050 |
_aHF5635 _b.H68 2002 |
||
| 055 | 0 | 1 | _aHF5635 |
| 055 | 0 |
_aHF5635 _b.H68 2002 |
|
| 055 | 0 | 0 |
_aHF5635 _bH68 2003 fol. |
| 090 |
_aHF5635 _b.H68 2003 |
||
| 100 | 1 |
_aHoskin, Robert E., _d1949- |
|
| 245 | 1 | 0 |
_aFinancial accounting : _ba user perspective / _cRobert E. Hoskin, Maureen R. Fizzell. |
| 250 | _a3rd Canadian ed. | ||
| 260 |
_aToronto : _bJ. Wiley & Sons Canada, _cc2003. |
||
| 300 |
_axxiii, 765, 54, 45 p. : _bcol. ill. ; _c26 cm. + _e1 CD-ROM (4 3/4 in.) |
||
| 500 | _aIncludes index. | ||
| 650 | 0 | _aAccounting. | |
| 650 | 6 | _aComptabilité. | |
| 700 | 1 | _aFizzell, Maureen. | |
| 942 |
_2lcc _cBK _nMM |
||